000 01711cam a2200301 4500
001 ##L134010
008 060703n2006 000 0 eng u
020 _a9780117539662
_a011753966X
035 _a(Sirsi) u134010
041 0 _aeng
050 0 4 _a711.10212 $2 18
110 1 _aUnited Kingdom
_bDepartment for Communities and Local Government
_94939
245 0 0 _aGuidance on changes to the development control system
_h[electronic resource]
260 _aLondon
_bTSO
_c2006
490 0 _aDCLG Circular
520 _aProvides guidance relating to England only on changes to the operation of the development control system covering: the power for local planning authorities to make local development orders, changes to the outline planning permission process, the requirement for design and access statement to accompany applications for certain types of permission and consent, powers controlling certain internal floorspace additions such as mezzanines and changes to the decision period for major planning applications.
590 _aIKA040706 NTK
650 2 4 _aPLANNING AND COMPULSORY PURCHASE ACT 2004
650 2 4 _aTOWN AND COUNTRY PLANNING ACT 1990
650 2 4 _aTOWN AND COUNTRY PLANNING (GENERAL DEVELOPMENT PROCEDURE) ORDER 1995
650 2 4 _aPLANNING (LISTED BUILDINGS AND CONSERVATION AREAS) ACT 1990
650 2 4 _aPLANNING (LISTED BUILDINGS AND CONSERVATION AREAS) ACT 1990
650 2 4 _aDCLG CIRCULAR 01/2006
651 4 _aEngland
_y886-
690 _aENVIRONMENTAL AND LAND CONSULTANCY-PLANNING AND DEVELOPMENT-DEVELOPMENT CONTROL
856 4 0 _uhttps://www.communities.gov.uk/index.asp?id=1500620
_zView the Circular free of charge at www.communities.gov.uk...
942 _n0
999 _c105519
_d105519